000 00381nam a2200121Ia 4500
005 20260328101507.0
008 260328s9999||||xx |||||||||||||| ||und||
100 _aSzokolay, Steven
245 0 _aPlea Notes - Design Tools and Techniques :
_b Solar Geometry, Keeping Cool and Climate Analysis /
_cSteven Szokolay
260 _bPlea Notes
650 _aARQUITECTURA Y CLIMA
942 _cBK
999 _c9053
_d9053